000 00631nam a2200205Ia 4500
008 100315s9999 xx 000 0 und d
020 _a81-7194-009-0 
082 _b2484 
_a336.24 
100 _a"Singhania, Vinod K. "
245 _aSTUDENTS GUIDE TO INCOME-TAX 1990-91: B.COM/C.A.INTER
260 _aDELHI 
_bTAXMANN  
_c1990 
300 _a"XVI,489p.  "
365 _eRupees 
_d
_b70.00 
366 _f
505 _gJaya Nikhade 
530 _b-  
630 _aSTUDENTS GUIDE TO INCOME-TAX 1990-91: B.COM/C.A.INTER
730 _aSTUDENTS GUIDE TO INCOME-TAX 1990-91: B.COM/C.A.INTER
942 _cBOOK
999 _c477219
_d477216